| 000 | 00819nam a2200205Ii 4500 | ||
|---|---|---|---|
| 003 | JO-AjNU | ||
| 008 | 230605s9999||||xx |||||||||||||| ||und|| | ||
| 017 | _a2002/6/1457 | ||
| 040 |
_aJO-AjNU _bara _erda _cJO-AjNU |
||
| 041 | _aara | ||
| 050 | 1 | 4 | _aDS109.94.Q3724 2002 |
| 100 | 3 |
_aتحرير ومراجعة عليان، حسن, _eauthor _933582 |
|
| 245 | 0 | 0 | _aالقدس بين الحق العربي والوهم الصهيوني |
| 264 | 3 | 1 | _aعمان: جامعة فيلادلفيا، 2002 |
| 300 |
_a139ص _bصور توضيحية |
||
| 336 |
_atext _btxt _2rdacontent |
||
| 337 |
_aunmediated _bn _2rdamedia |
||
| 338 |
_avolume _bnc _2rdacarrier |
||
| 650 | 4 |
_aالنزاع العربي الاسرائيلي- فلسطين- ندوات، القضية الفلسطنية -القدس- تاريخ- ندوات _933583 |
|
| 999 |
_aA13684 _c17252 _d17252 |
||